000 00529nam a22001577a 4500
005 20090620154649.0
008 090620t xxu||||| |||| 00| 0 eng d
245 _aJournals of the Rajya Sabha
260 _aNew Delhi
_bRajya Sabha Secretariat
_c2009-
300 _av.
_c24 cm
310 _aIrregular
710 _aParliament of India
_bRajya Sabha
270 _aParliament of India
_bNew Delhi
_e110001
_k23014948
942 _2ddc
_cSR
_s1
999 _c27712
_d27712